A Companion to CFC vol. 1 (Record no. 292190)
[ view plain ]
| 000 -LEADER | |
|---|---|
| fixed length control field | 00314nam a2200133Ia 4500 |
| 008 - FIXED-LENGTH DATA ELEMENTS--GENERAL INFORMATION | |
| fixed length control field | 160319s9999 xx 000 0 und d |
| 050 ## - LIBRARY OF CONGRESS CALL NUMBER | |
| Classification number | 808.84 |
| 050 ## - LIBRARY OF CONGRESS CALL NUMBER | |
| Item number | R673c 1998 |
| 100 ## - MAIN ENTRY--PERSONAL NAME | |
| Personal name | Roche, Joseph L. |
| 245 #2 - TITLE STATEMENT | |
| Title | A Companion to CFC vol. 1 |
| 260 ## - PUBLICATION, DISTRIBUTION, ETC. (IMPRINT) | |
| Name of publisher, distributor, etc | ECCE/WORD & LIFE PUB. |
| 260 ## - PUBLICATION, DISTRIBUTION, ETC. (IMPRINT) | |
| Date of publication, distribution, etc | 1998 |
| 300 ## - PHYSICAL DESCRIPTION | |
| Extent | 171 |
| Withdrawn status | Lost status | Damaged status | Home library | Current library | Shelving location | Date acquired | Total Checkouts | Full call number | Barcode | Date last seen | Price effective from | Koha item type |
|---|---|---|---|---|---|---|---|---|---|---|---|---|
| Stonyhurst Southville International School (Batangas) | Stonyhurst Southville International School (Batangas) | Filipiniana Section | 03/19/2016 | Fil 808.84 R673c 1998 | US 1692 | 03/19/2016 | 03/19/2016 | Books |